000 00332nam a2200133Ia 4500
008 240624s9999 xx 000 0 und d
041 _aeng
082 _a823 PEL
100 _aPELECANOS GEORGE
245 _aD C NOIR 2 THE CLASSICS
260 _c2008
_aNew Delhi
_bHarper Collins
300 _a321 : p. : cm. ; 18
365 _cRS
_b25
999 _c18466
_d18466